000
00278nam a22001217a 4500
008
180730b xxu||||| |||| 00| 0 eng d
082
_a
815.32
245
_a
Life map Discovery
_c
Santrock, J.W
300
_a
1
_f
CD
440
_x
9780072967418
760
_b
10th
942
_2
ddc
_c
MX
999
_c
46682
_d
46682